000 01282cam a22003375i 4500
001 014575195
003 EG-ScBUE
005 20250709085059.0
008 080225t2008 flua f b 001 0 eng d
020 _a9781420066791
040 _aEG-ScBUE
_beng
_erda
_cEG-ScBUE
_dEG-ScBUE
082 0 4 _a540
_bCRC
_222
245 0 0 _aCRC handbook of chemistry and physics :
_ba ready-reference book of chemical and physical data /
_ceditor-in-chief David R. Lide, former director, standard reference data, National Institute of Standards and Technology.
246 3 0 _aHandbook of chemistry and physics
250 _aEighty-ninth edition.
264 1 _aBoca Raton, Florida :
_bCRC Press / Taylor & Francis Group,
_c[2008]
264 4 _cc2008
300 _a1 volume (various pagings) :
_billustrations ;
_c29 cm
336 _2rdacontent
_atext
_btxt
337 _aunmediated
_2rdamedia
_bn
338 _avolume
_bnc
_2rdacarrier
500 _aPrevious ed. : 2007.
500 _aIncludes Appendices.
504 _aIncludes bibliographical references and index.
650 7 _aChemistry
_vTables.
_2BUEsh
_95681
650 7 _aPhysics
_vTables.
_2BUEsh
653 _bPPhrm
_cMarch2016
655 _vReading book
700 1 _aLide, David R.,
_cJr.,
_d1928-
_eeditor.
_939169
942 _2ddc
_cBB
999 _c21398
_d21370